Lokalization of Plum pox virus in stem and petiole tissues of apricot cultivars by immuno-tissue printing

Bibliographic Details
Main Authors: Dicenta, F. (Author), Martínez-Gómez, P. (Author), Bellanger, I. (Author), Audergon, J. M. (Author)
Format: Article
Language:Slovak
English
PhysicalDescription:Tab.
ISSN:001-723X
Subjects:

MARC

LEADER 00000nab a2200000 a 4500
001 vtls000771351
003 SK-MaSNL
005 20260304130905.0
008 250429c2000 xo 0 slo
015 |a SNBRB2001/11-31503 
035 |a CLN000123138 
035 |a urn:nbn:sk:snk-ab2dyy 
035 |a (urnnbn)urn:nbn:sk:snk:ar-a028b0 
035 |a (uuid)3ca1b7c4-b206-4143-b0f2-72d928700105 
040 |a SNKBUCL  |b slo  |c SNKBUCL  |e AACR2 
041 0 |a eng 
044 |a xo  |c SK 
080 |a 578.85/.86:575.22:57.083  |2 1997 
080 |a 632.38  |2 1997 
245 0 0 |a Lokalization of Plum pox virus in stem and petiole tissues of apricot cultivars by immuno-tissue printing  |c F. Dicenta ... [et al.] 
300 |b Tab. 
504 |a Res. angl. 
504 |a Bibliogr. odkazy 
650 0 7 |a vírus plum pox  |x genetika  |x patogenita  |2 snkbucl  |9 1439844 
650 0 7 |a marhule  |x kultivary  |x vírus plum pox  |x lokalizácia  |2 snkbucl  |9 1443010 
650 0 7 |a stromy  |x genetika  |x virológia  |2 snkbucl  |9 1443011 
650 0 7 |a variácia (genetika)  |x genetika  |2 snkbucl  |9 1443012 
650 0 7 |a imunoblotting  |x metódy  |x trendy  |x využitie  |2 snkbucl  |9 1443013 
650 0 7 |a normy a štandardy  |2 snkbucl  |9 74702 
650 0 7 |a plum pox virus  |x genetika  |x patogenita  |2 snkbucl  |9 1439846 
650 0 7 |a snímacia elektrónová mikroskopia  |2 snkbucl  |9 1311944 
655 7 |a články z novín a časopisov  |2 snkbucl  |9 267496 
700 1 |a Dicenta, F.  |4 aut  |9 1439848 
700 1 |a Martínez-Gómez, P.  |4 aut  |9 1439843 
700 1 |a Bellanger, I.  |4 aut  |9 1443014 
700 1 |a Audergon, J. M.  |4 aut  |9 21649 
773 0 |t Acta virologica  |g Roč. 44, č. 6 (2000), s. 323-328  |x 001-723X 
850 |a Slovenská národná knižnica 
852 |a Slovenská národná knižnica 
958 |a article27 
958 |a NB 
958 |a MI 
958 |a OND 
958 |a EUIPO 
992 |a RBX 
999 |c 2895814  |d 2897744